00000000nam##2200000za#4500
0019.569381
003CaOODSP
00520210624181737
007cr |||||||||||
008150406|1993||||xxc|||||o    f|0| 0 eng|d
040 |aCaOODSP|beng
043 |an-cn---
0861 |aNH18-1/38-1993E-PDF
1102 |aCanada Mortgage and Housing Corporation.
24510|aFlanking sound transmission in wood framed construction / |h[electronic resource]|c[by] T.R.T. Nightingale.
260 |aOttawa - Ontario : |bCanada Mortgage and Housing Corporation |c1993.
300 |a45p.|bfigs., graphs, tables
4901 |aResearch report
546 |a(Résumé en français.)
590 |a11-05-Supp|b2011-03-15
7201 |aNightingale, T. R. T.
77508|tÉtude sur la transmission indirecte du son dans les constructions à ossature de bois / |w(CaOODSP)9.600578
830#0|aResearch report (Canada Mortgage and Housing Corporation : Online)|w(CaOODSP)9.506068
85640|ahttp://publications.gc.ca|qPDF|s677 KB|uhttps://publications.gc.ca/collections/collection_2011/schl-cmhc/nh18-1/NH18-1-38-1993-eng.pdf